000 00491 a2200169 4500
999 _c4555
_d4555
020 _a0869227327
050 _aPR9347 CHI 1999
100 _aChihota, Clement
_eauthor
245 _aBefore the next song and other poems /
_cClement Chihota
264 _aGweru
_bMambo Press
_c1999
300 _a70p. :
500 _aWith commentary by Stanley Tichapondwa
650 _aPoetry---Zimbabwe
651 _aZimbabwe
700 _aTichapondwa, Stanley
_eCommentary
942 _2lcc
_cBK
_h9347
_iCHI
_kPR